000 00348nam a2200133Ia 4500
008 240624s9999 xx 000 0 und d
041 _aeng
082 _a332.64 EAS
100 _aEASLEY DAVID
245 _aHIGH FREQUENCY TRADING NEW REALITIES FOR
260 _c2013
_aLondon
_bRisk Books
300 _axx, : 236 : p. : cm. ; 23
365 _cGBP
_b25
999 _c22631
_d22631